Statistics for Största städer i Sverige • A-Ö

Click here to take the quiz!

General Stats

  • This quiz has been taken 796 times
  • The average score is 14 of 23

Answer Stats

#FolkmängdSvensk stad% Correct
S975 904Stockholm
99%
G580 667Göteborg
98%
M345 342Malmö
96%
J141 485Jönköping
84%
L163 325Linköping
84%
U231 729Uppsala
82%
N143 333Norrköping
81%
Ö155 989Örebro
78%
H148 248Helsingborg
72%
K94 194Karlstad
71%
V154 602Västerås
70%
B113 437Borås
69%
E107 001Eskilstuna
66%
Y30 647Ystad
66%
F59 423Falun
48%
Ä42 507Ängelholm
38%
P42 247Piteå
38%
A41 455Alingsås
36%
Å12 546Åmål
36%
O27 134Oskarshamn
32%
R29 614Ronneby
14%
T71 961Täby
11%
D9 300Djursholm
7%

Score Distribution

Percentile by Number Answered

Percent of People with Each Score

Your Score History

You have not taken this quiz